Ja saps tot el que pots viure a la biblioteca?
Descripción Física:
1 ventall : il·lustracions ; 21 x 23 cm
Idioma:
Catalán
MARC
| LEADER | 00000nrm a2200000 a 4500 | ||
|---|---|---|---|
| 001 | 25900 | ||
| 008 | 220614b spa||||| |||| 00| 0 cat d | ||
| 080 | |a NBM-13-232 | ||
| 100 | |9 53456 |a Armada, Patrícia | ||
| 245 | |a Ja saps tot el que pots viure a la biblioteca? |h [Ventall] / |c il·lustració: Patrícia Armada | ||
| 260 | |a Barcelona : |b Diputació de Barcelona, Xarxa de Biblioteques Municipals, |c 2017 | ||
| 300 | |a 1 ventall : |b il·lustracions ; |c 21 x 23 cm | ||
| 500 | |a A la portada: #viulabiblioteca, bibiotecavirtual.diba.cat | ||
| 610 | 1 | 0 | |a Barcelona (Catalunya : Província). |b Xarxa de Biblioteques Municipals |9 52650 |
| 655 | 0 | |9 52933 |a Ventalls | |
| 710 | 1 | |a Barcelona (Catalunya : Província). |b Xarxa de Biblioteques Municipals |9 52650 | |
| 942 | |2 udc |n 1 |c ARXIU | ||
| 952 | |0 0 |1 0 |4 0 |6 NBM13232 |7 1 |9 62359 |a Arxiu |b Arxiu |d 2022-06-14 |l 0 |o NBM-13-232 |p 25900 |r 2022-06-14 00:00:00 |w 2022-06-14 |y ARXIU | ||
| 999 | |c 82012 |d 82012 | ||